[Event "82° Final Argentina Superior"]
[Site "Mendoza"]
[Date "2008.05.28"]
[Round "9"]
[White "Salguero, Francisco"]
[Black "Real De Azua, Ernesto"]
[Result "1/2-1/2"]
[WhiteElo "2320"]
[BlackElo "2417"]
[PlyCount "108"]
[EventDate "2008.05.20"]
[SourceDate "2008.05.20"]

1. Nf3 c5 2. c4 Nc6 3. Nc3 Nf6 4. d4 cxd4 5. Nxd4 e6 6. g3 Qb6 7. Ndb5 Ne5 8.
Bg2 a6 9. Qa4 Rb8 10. Bf4 Nfg4 11. O-O axb5 12. Nxb5 Bc5 13. Bxe5 Bxf2+ 14. Kh1
Nxe5 15. Rxf2 O-O 16. Rf4 d5 17. cxd5 exd5 18. Bxd5 Bd7 19. Qd4 Qxb5 20. Qxe5
Rbe8 21. Qh5 g6 22. Qf3 Be6 23. Bxe6 Rxe6 24. Rf1 Re7 25. b3 Qxe2 26. Qxe2 Rxe2
27. R1f2 Rxf2 28. Rxf2 Rd8 29. Rf4 b5 30. Kg2 Kg7 31. h4 Rd2+ 32. Rf2 Rxf2+ 33.
Kxf2 b4 34. Ke3 f5 35. Kd4 h6 36. Ke5 Kf7 37. h5 gxh5 38. Kxf5 Kg7 39. Ke5 Kg6
40. Kd4 Kf5 41. a4 bxa3 42. Kc3 Ke4 43. b4 a2 44. Kb2 Kd3 45. Kxa2 Kc4 46. Ka3
Kb5 47. Kb3 h4 48. gxh4 h5 49. Kc3 Kb6 50. Kd4 Kb5 51. Ke5 Kxb4 52. Kf6 Kc5 53.
Kg5 Kd6 54. Kxh5 Ke7 1/2-1/2